[Event "European-ch Seniors 2018"]
[Site "Drammen"]
[Date "2018.08.04"]
[Round "1"]
[White "Biro, Sandor"]
[Black "Gunnarsson, Lennart"]
[Result "1-0"]
[WhiteElo "2193"]
[BlackElo "1771"]
[Annotator "NA"]
[PlyCount "129"]
[EventDate "2018.08.04"]
[EventType "swiss"]
[EventCountry "NOR"]
[SourceTitle "playchess.com"]
[Source "ChessBase"]
[SourceQuality "1"]
[TimeControl "40/5400+30:1800+30"]

1. e4 {[%emt 0:00:00]} e6 {[%emt 0:00:00]} 2. d4 {[%emt 0:00:00]} d5 {[%emt 0:00:00]} 3. Nc3 {[%emt 0:00:00]} Nf6 {[%emt 0:00:23]} 4. exd5 {[%emt 0:05:08]} exd5 {[%emt 0:01:25]} 5. Nf3 {[%emt 0:00:08]} c6 {[%emt 0:06:43]} 6. Bd3 {[%emt 0:00:47]} Bd6 {[%emt 0:00:45]} 7. O-O {[%emt 0:01:28]} O-O {[%emt 0:00:12]} 8. h3 {[%emt 0:05:56]} Re8 {[%emt 0:03:42]} 9. Bg5 {[%emt 0:04:18]} Nbd7 {[%emt 0:04:36]} 10. Qd2 {[%emt 0:05:10]} Nf8 {[%emt 0:11:11]} 11. Rae1 {[%emt 0:02:05]} Rxe1 {[%emt 0:00:55]} 12. Rxe1 {[%emt 0:00:07]} Ne6 {[%emt 0:02:12]} 13. Be3 {[%emt 0:07:40]} Qc7 {[%emt 0:09:17]} 14. Qd1 {[%emt 0:20:43]} Bd7 {[%emt 0:03:05]} 15. Ne2 {[%emt 0:05:59]} Re8 {[%emt 0:05:56]} 16. c4 {[%emt 0:04:54]} Nf4 {[%emt 0:11:46]} 17. c5 {[%emt 0:15:28]} Nxe2+ {[%emt 0:00:19]} 18. Rxe2 {[%emt 0:00:57]} Bf4 {[%emt 0:05:48]} 19. Bxf4 {[%emt 0:00:28]} Qxf4 {[%emt 0:01:16]} 20. Ne5 {[%emt 0:00:07]} Be6 {[%emt 0:04:57]} 21. g3 {[%emt 0:04:16]} Qh6 {[%emt 0:01:48]} 22. h4 {[%emt 0:00:11]} Qh5 {[%emt 0:09:48]} 23. f3 {[%emt 0:11:01]} Nd7 {[%emt 0:04:58]} 24. Ng4 {[%emt 0:01:03]} f6 {[%emt 0:01:11]} 25. Qe1 {[%emt 0:00:48]} Bf7 {[%emt 0:02:41]} 26. Rxe8+ {[%emt 0:00:24]} Bxe8 {[%emt 0:00:01]} 27. Qe6+ {[%emt 0:01:10]} Qf7 {[%emt 0:00:31]} 28. Qd6 {[%emt 0:00:17]} Nf8 {[%emt 0:01:34]} 29. Kf2 {[%emt 0:01:21]} Qd7 {[%emt 0:02:20]} 30. Qb8 {[%emt 0:00:53]} a6 {[%emt 0:01:21]} 31. Ne3 {[%emt 0:00:19]} Bg6 {[%emt 0:00:20]} 32. Be2 {[%emt 0:01:06]} h5 {[%emt 0:01:02]} 33. Ng2 {[%emt 0:00:51]} Bf7 {[%emt 0:00:59]} 34. Bd3 {[%emt 0:00:23]} g6 {[%emt 0:00:26]} 35. Nf4 {[%emt 0:00:49]} Kg7 {[%emt 0:00:15]} 36. Bf1 {[%emt 0:00:21]} Qe7 {[%emt 0:02:42]} 37. Bh3 {[%emt 0:00:17]} g5 {[%emt 0:00:47]} 38. hxg5 {[%emt 0:00:25]} fxg5 {[%emt 0:00:01]} 39. Nd3 {[%emt 0:00:20]} Be6 {[%emt 0:01:15]} 40. Qe5+ {[%emt 0:00:00]} Qf6 {[%emt 0:00:00]} 41. Bf1 {[%emt 0:20:44]} Qxe5 {[%emt 0:01:12]} 42. Nxe5 {[%emt 0:00:12]} Kf6 {[%emt 0:01:36]} 43. Bd3 {[%emt 0:00:46]} Bf5 {[%emt 0:00:55]} 44. Bxf5 {[%emt 0:04:58]} Kxf5 {[%emt 0:00:09]} 45. Nf7 {[%emt 0:00:13]} Ne6 {[%emt 0:02:44]} 46. Nd6+ {[%emt 0:01:39]} Kf6 {[%emt 0:00:41]} 47. Nxb7 {[%emt 0:02:47]} Nxd4 {[%emt 0:00:17]} 48. Na5 {[%emt 0:01:31]} h4 {[%emt 0:01:27]} 49. gxh4 {[%emt 0:00:51]} gxh4 {[%emt 0:00:10]} 50. Kg2 {[%emt 0:00:52]} Ke6 {[%emt 0:01:47]} 51. Kh3 {[%emt 0:00:53]} Kd7 {[%emt 0:00:35]} 52. Kg4 {[%emt 0:00:58]} Kc7 {[%emt 0:02:30]} 53. f4 {[%emt 0:00:21]} Kd7 {[%emt 0:00:25]} 54. Kxh4 {[%emt 0:00:26]} Ne6 {[%emt 0:00:20]} 55. f5 {[%emt 0:00:31]} Nxc5 {[%emt 0:00:15]} 56. Kg5 {[%emt 0:00:15]} d4 {[%emt 0:01:18]} 57. Kf4 {[%emt 0:00:18]} Nd3+ {[%emt 0:00:43]} 58. Ke4 {[%emt 0:00:06]} Nxb2 {[%emt 0:00:03]} 59. Kxd4 {[%emt 0:00:09]} Na4 {[%emt 0:04:45]} 60. Nc4 {[%emt 0:00:11]} Ke7 {[%emt 0:00:51]} 61. Ke5 {[%emt 0:00:13]} Nc3 {[%emt 0:02:07]} 62. f6+ {[%emt 0:00:11]} Kf7 {[%emt 0:01:54]} 63. Kf5 {[%emt 0:01:00]} Nxa2 {[%emt 0:00:30]} 64. Ne5+ {[%emt 0:00:09]} Kf8 {[%emt 0:00:47]} 65. Ke6 {[%emt 0:00:20]} 1-0

[Event "European-ch Seniors 2018"]
[Site "Drammen"]
[Date "2018.08.04"]
[Round "1"]
[White "Ludviksson, Johannes"]
[Black "Vorotnikov, Vladislav V"]
[Result "1/2-1/2"]
[WhiteElo "2024"]
[BlackElo "2445"]
[Annotator "TA"]
[PlyCount "75"]
[EventDate "2018.08.04"]
[EventType "swiss"]
[EventCountry "NOR"]
[SourceTitle "playchess.com"]
[Source "ChessBase"]
[SourceQuality "1"]

{[%evp 9,75,5,43,33,43,40,37,39,36,12,16,24,23,18,38,26,27,5,14,13,17,23,27,24,30,10,10,0,36,33,41,64,63,0,0,0,8,-21,-28,-29,-29,-123,-142,-156,-138,-129,-4,-81,-73,-170,-153,-185,-160,-206,-198,-141,-68,-195,332,310,330,335,330,0,0,0,0,0]} 1. Nf3 d6 2. d4 Nf6 3. Bf4 c6 4. h3 Qb6 (4... h6 5. Nbd2 Bf5 6. e3 e6 7. Be2 Be7 8. c4 Nbd7 9. Bh2 O-O 10. O-O Re8 11. b4 Bf8 {1-0 (31) Le,Q (2712)-Jobava,B (2713) Dubai 2014}) 5. Qc1 g6 6. e3 {A46: 1 d4 Nf6 2 Nf3 e6: Torre, London and Colle Systems} Bg7 7. Be2 Ne4 $146 ({Predecessor:} 7... O-O 8. O-O Nbd7 9. Nbd2 Re8 10. Bh2 c5 11. a4 Qc7 12. a5 Rb8 13. Bb5 a6 14. Be2 Bh6 15. c3 b5 16. axb6 Qxb6 17. Ra2 Nd5 18. Qc2 cxd4 19. exd4 N7f6 20. Rfa1 Qc7 21. Qd1 Bf4 {½-½ (21) Ardelean,G (2493)-Stanciu,A (2285) Calimanesti Caciulata 2017}) 8. O-O {White is slightly better.} Nd7 9. Nbd2 Nxd2 10. Nxd2 O-O 11. c3 f5 12. a4 a5 13. Bc4+ Kh8 14. Be6 Nf6 15. Bxc8 Raxc8 16. Qc2 c5 17. dxc5 Qxc5 18. Bg5 h6 19. Bxf6 Bxf6 20. e4 f4 21. e5 (21. Rad1 $14) 21... Bxe5 $11 22. Qxg6 Rf6 23. Qd3 {[#] aiming for Ne4.} Rg8 24. Ne4 Qc6 25. f3 (25. Rae1 $11 {keeps the balance.}) 25... Rfg6 $17 {Threatens to win with ...Qb6+.} 26. Rf2 d5 $36 {[%mdl 2048] Black is really pushing.} 27. Nd2 Bd6 (27... Qb6 $17 {( -> ...Rxg2+)} 28. Kf1 Qxb2) 28. Nb3 (28. Re2 $11) 28... Qc4 29. Qd4+ {[#]} (29. Qd1 $17) 29... e5 $1 $19 {[%cal Re5d4]} 30. Qd1 Bc7 {Hoping for ...Bb6.} 31. Kh1 Bb6 32. Re2 (32. Nd2 $19 Qc7 33. Re2) 32... Be3 (32... Rg3 $17 33. Nd2 Qd3) 33. Nxa5 ({White should try} 33. Nd2 $1 $15 Qc6 34. Qc2) 33... Qc8 $4 {[%mdl 8192]} (33... Qa6 $19 34. Nb3 Rg3) 34. Qxd5 $18 Rd8 35. Qxe5+ Kg8 {intending ...Rg5.} 36. Rae1 $2 (36. Qb5 $18) 36... Rg5 $11 37. Qe4 Rxa5 38. Qg6+ {Precision: White = 32%, Black = 54%.} 1/2-1/2

[Event "European-ch Seniors 2018"]
[Site "Drammen"]
[Date "2018.08.04"]
[Round "1"]
[White "Johnsen, Oystein"]
[Black "Bogdanov, Valentin"]
[Result "0-1"]
[WhiteElo "2009"]
[BlackElo "2356"]
[Annotator "NA"]
[PlyCount "50"]
[EventDate "2018.08.04"]
[EventType "swiss"]
[EventCountry "NOR"]
[SourceTitle "playchess.com"]
[Source "ChessBase"]
[SourceQuality "1"]
[TimeControl "40/5400+30:1800+30"]

1. d4 {[%emt 0:00:00]} Nf6 {[%emt 0:00:04]} 2. Nf3 {[%emt 0:00:07]} c5 {[%emt 0:00:47]} 3. c3 {[%emt 0:00:57]} b6 {[%emt 0:01:36]} 4. Bf4 {[%emt 0:01:22]} Bb7 {[%emt 0:01:50]} 5. e3 {[%emt 0:01:04]} e6 {[%emt 0:02:48]} 6. Nbd2 {[%emt 0:00:59]} Nc6 {[%emt 0:01:30]} 7. Bd3 {[%emt 0:01:02]} Be7 {[%emt 0:01:12]} 8. O-O {[%emt 0:02:24]} Nh5 {[%emt 0:02:00]} 9. Bg3 {[%emt 0:05:08]} Nxg3 {[%emt 0:00:27]} 10. hxg3 {[%emt 0:02:36]} O-O {[%emt 0:00:47]} 11. Rc1 {[%emt 0:06:34]} d6 {[%emt 0:05:02]} 12. Qe2 {[%emt 0:02:22]} g6 {[%emt 0:03:28]} 13. g4 {[%emt 0:03:11]} Bf6 {[%emt 0:05:34]} 14. Ne4 {[%emt 0:03:27]} Bg7 {[%emt 0:00:34]} 15. Rfd1 {[%emt 0:10:15]} Qe7 {[%emt 0:06:05]} 16. Bb1 {[%emt 0:07:41]} d5 {[%emt 0:03:10]} 17. Ng3 {[%emt 0:02:06]} e5 {[%emt 0:02:46]} 18. e4 {[%emt 0:15:57]} dxe4 19. Bxe4 {[%emt 0:02:52]} exd4 {[%emt 0:07:33]} 20. Bxc6 {[%emt 0:09:00]} Qxe2 {[%emt 0:00:23]} 21. Nxe2 {[%emt 0:00:01]} Bxc6 {[%emt 0:00:11]} 22. cxd4 {[%emt 0:00:19]} Rfe8 {[%emt 0:00:43]} 23. Nc3 {[%emt 0:04:11]} Bxf3 {[%emt 0:00:45]} 24. gxf3 {[%emt 0:00:01]} Bxd4 {[%emt 0:00:41]} 25. Nb5 {[%emt 0:01:23]} Bxb2 {[%emt 0:00:55]} 0-1

[Event "European-ch Seniors 2018"]
[Site "Drammen"]
[Date "2018.08.04"]
[Round "1"]
[White "Danielsson, Robert"]
[Black "Gaprindashvili, Nona"]
[Result "0-1"]
[WhiteElo "1993"]
[BlackElo "2305"]
[Annotator "NA"]
[PlyCount "76"]
[EventDate "2018.08.04"]
[EventType "swiss"]
[EventCountry "NOR"]
[SourceTitle "playchess.com"]
[Source "ChessBase"]
[SourceQuality "1"]
[TimeControl "40/5400+30:1800+30"]

1. d4 {[%emt 0:00:00]} g6 {[%emt 0:00:10]} 2. c4 {[%emt 0:00:39]} d6 {[%emt 0:00:10]} 3. Nc3 {[%emt 0:00:35]} Nd7 {[%emt 0:00:09]} 4. e4 {[%emt 0:00:58]} e5 {[%emt 0:00:03]} 5. Be3 {[%emt 0:00:30]} Nh6 {[%emt 0:00:30]} 6. f3 {[%emt 0:00:30]} f5 {[%emt 0:00:30]} 7. Qd2 {[%emt 0:00:30]} f4 {[%emt 0:00:30]} 8. Bf2 {[%emt 0:00:30]} Bg7 {[%emt 0:00:00]} 9. Nge2 {[%emt 0:10:45]} Nf7 {[%emt 0:05:02]} 10. d5 {[%emt 0:00:30]} c5 {[%emt 0:00:30]} 11. Nc1 {[%emt 0:10:41]} O-O {[%emt 0:01:43]} 12. Nd3 {[%emt 0:06:48]} Nf6 {[%emt 0:02:04]} 13. Be2 {[%emt 0:06:05]} Bd7 {[%emt 0:09:45]} 14. b4 {[%emt 0:04:42]} cxb4 {[%emt 0:01:06]} 15. Nxb4 {[%emt 0:00:30]} Qa5 {[%emt 0:00:30]} 16. Rb1 {[%emt 0:02:38]} Rfc8 {[%emt 0:07:11]} 17. O-O {[%emt 0:01:54]} g5 {[%emt 0:01:53]} 18. Qb2 {[%emt 0:20:37]} g4 {[%emt 0:04:00]} 19. Rfd1 {[%emt 0:00:22]} gxf3 {[%emt 0:01:12]} 20. gxf3 {[%emt 0:00:11]} Ng5 {[%emt 0:02:59]} 21. Kh1 {[%emt 0:02:18]} Nh3 {[%emt 0:01:34]} 22. Bg1 {[%emt 0:00:21]} Bf8 {[%emt 0:05:17]} 23. Nc2 {[%emt 0:03:29]} Be7 {[%emt 0:01:20]} 24. Qb4 {[%emt 0:00:19]} Qxb4 {[%emt 0:01:44]} 25. Rxb4 {[%emt 0:00:32]} b6 {[%emt 0:01:10]} 26. Rdb1 {[%emt 0:08:04]} Kf7 {[%emt 0:00:51]} 27. a4 {[%emt 0:03:00]} Rg8 {[%emt 0:02:32]} 28. Rf1 {[%emt 0:02:52]} Rg6 {[%emt 0:03:35]} 29. Bf2 {[%emt 0:00:39]} Rag8 {[%emt 0:00:37]} 30. Nd1 {[%emt 0:00:07]} Bd8 {[%emt 0:03:26]} 31. Bd3 {[%emt 0:06:36]} a5 {[%emt 0:01:15]} 32. Rb2 {[%emt 0:00:18]} Bxa4 {[%emt 0:00:43]} 33. Ra2 {[%emt 0:00:09]} Bb3 {[%emt 0:01:00]} 34. Rb2 {[%emt 0:00:49]} a4 {[%emt 0:00:11]} 35. Na1 {[%emt 0:00:24]} Bxd1 {[%emt 0:03:56]} 36. Rxd1 {[%emt 0:00:05]} Rg2 {[%emt 0:00:07]} 37. Rf1 {[%emt 0:01:08]} Nd7 {[%emt 0:00:39]} 38. Re2 {[%emt 0:02:31]} Bh4 {[%emt 0:00:15]} 0-1

[Event "European-ch Seniors 2018"]
[Site "Drammen"]
[Date "2018.08.04"]
[Round "1"]
[White "Sand, Rolf"]
[Black "Werner, Clemens"]
[Result "0-1"]
[WhiteElo "1990"]
[BlackElo "2258"]
[Annotator "NA"]
[PlyCount "54"]
[EventDate "2018.08.04"]
[EventType "swiss"]
[EventCountry "NOR"]
[SourceTitle "playchess.com"]
[Source "ChessBase"]
[SourceQuality "1"]
[TimeControl "40/5400+30:1800+30"]

1. c4 {[%emt 0:00:00]} e5 {[%emt 0:00:29]} 2. g3 {[%emt 0:00:00]} Nf6 {[%emt 0:01:45]} 3. Bg2 {[%emt 0:00:15]} c6 {[%emt 0:00:59]} 4. d4 {[%emt 0:00:50]} Bb4+ {[%emt 0:01:21]} 5. Bd2 {[%emt 0:02:26]} Bxd2+ {[%emt 0:00:21]} 6. Qxd2 {[%emt 0:01:12]} d6 {[%emt 0:00:07]} 7. Nc3 {[%emt 0:01:26]} Qe7 {[%emt 0:00:26]} 8. Nf3 {[%emt 0:03:15]} O-O {[%emt 0:01:32]} 9. O-O {[%emt 0:01:38]} Re8 {[%emt 0:03:08]} 10. e4 {[%emt 0:14:59]} Bg4 {[%emt 0:04:03]} 11. h3 {[%emt 0:03:48]} Bxf3 {[%emt 0:03:41]} 12. Bxf3 {[%emt 0:00:50]} Qe6 {[%emt 0:01:56]} 13. d5 {[%emt 0:00:26]} Qxh3 {[%emt 0:01:31]} 14. dxc6 {[%emt 0:00:32]} Nxc6 {[%emt 0:00:26]} 15. Qxd6 {[%emt 0:06:58]} Nd4 {[%emt 0:15:59]} 16. Bg2 {[%emt 0:17:12]} Qh6 {[%emt 0:02:32]} 17. Rfd1 {[%emt 0:08:16]} Rad8 {[%emt 0:06:17]} 18. Qc7 {[%emt 0:01:33]} Rc8 {[%emt 0:18:12]} 19. Qxb7 {[%emt 0:04:19]} Ng4 {[%emt 0:11:35]} 20. Nd5 {[%emt 0:05:41]} Nf3+ {[%emt 0:03:13]} 21. Kf1 {[%emt 0:01:59]} Qh2 {[%emt 0:00:25]} 22. Ne7+ {[%emt 0:07:04]} Kh8 {[%emt 0:01:28]} 23. Nxc8 {[%emt 0:01:36]} Qg1+ {[%emt 0:01:30]} 24. Ke2 {[%emt 0:00:08]} Qxf2+ {[%emt 0:01:18]} 25. Kd3 {[%emt 0:00:07]} Nd4 {[%emt 0:01:10]} 26. Kc3 {[%emt 0:04:11]} Qc2+ {[%emt 0:00:47]} 27. Kb4 {[%emt 0:00:20]} Qxb2+ {[%emt 0:00:07]} 0-1

[Event "European-ch Seniors 2018"]
[Site "Drammen"]
[Date "2018.08.04"]
[Round "1"]
[White "Smeby, Ole"]
[Black "Ackermann, Hans Werner"]
[Result "0-1"]
[WhiteElo "1980"]
[BlackElo "2246"]
[Annotator "NA"]
[PlyCount "116"]
[EventDate "2018.08.04"]
[EventType "swiss"]
[EventCountry "NOR"]
[SourceTitle "playchess.com"]
[Source "ChessBase"]
[SourceQuality "1"]
[TimeControl "40/5400+30:1800+30"]

1. d4 {[%emt 0:00:00]} d6 {[%emt 0:00:00]} 2. c4 {[%emt 0:00:00]} e5 {[%emt 0:00:44]} 3. dxe5 {[%emt 0:01:46]} dxe5 {[%emt 0:00:11]} 4. Qxd8+ {[%emt 0:00:07]} Kxd8 {[%emt 0:00:04]} 5. e4 {[%emt 0:01:23]} Bc5 {[%emt 0:05:15]} 6. Nf3 {[%emt 0:02:30]} f6 {[%emt 0:01:11]} 7. Be2 {[%emt 0:04:30]} Be6 {[%emt 0:02:10]} 8. O-O {[%emt 0:00:24]} Nd7 {[%emt 0:00:33]} 9. Nc3 {[%emt 0:04:06]} a5 {[%emt 0:02:00]} 10. Na4 {[%emt 0:02:27]} Ba7 {[%emt 0:02:49]} 11. Rd1 {[%emt 0:01:42]} Kc8 {[%emt 0:00:31]} 12. b3 {[%emt 0:02:01]} Nc5 {[%emt 0:14:56]} 13. Nxc5 {[%emt 0:02:36]} Bxc5 {[%emt 0:00:29]} 14. Bb2 {[%emt 0:00:46]} Nh6 {[%emt 0:01:52]} 15. h3 {[%emt 0:00:13]} Nf7 {[%emt 0:03:59]} 16. a3 {[%emt 0:06:22]} b6 {[%emt 0:14:39]} 17. Bc3 {[%emt 0:08:53]} g5 {[%emt 0:08:43]} 18. b4 {[%emt 0:02:15]} Be7 {[%emt 0:00:40]} 19. bxa5 {[%emt 0:09:10]} bxa5 {[%emt 0:00:10]} 20. Rdb1 {[%emt 0:00:11]} Bd7 {[%emt 0:02:54]} 21. Nd2 {[%emt 0:02:51]} h5 {[%emt 0:01:48]} 22. a4 {[%emt 0:06:08]} Nd8 {[%emt 0:15:57]} 23. Nb3 {[%emt 0:04:20]} Nb7 {[%emt 0:00:44]} 24. Rd1 {[%emt 0:08:53]} Be6 {[%emt 0:02:45]} 25. f3 {[%emt 0:01:00]} h4 {[%emt 0:03:42]} 26. Be1 {[%emt 0:01:34]} Rd8 {[%emt 0:01:00]} 27. Rxd8+ {[%emt 0:01:29]} Kxd8 {[%emt 0:00:07]} 28. Rd1+ {[%emt 0:02:09]} Kc8 {[%emt 0:00:26]} 29. Rc1 {[%emt 0:02:12]} Nc5 {[%emt 0:03:07]} 30. Nxa5 {[%emt 0:07:30]} Rxa5 {[%emt 0:01:49]} 31. Bxa5 {[%emt 0:00:09]} Nb3 {[%emt 0:00:01]} 32. Rb1 {[%emt 0:03:27]} Bc5+ {[%emt 0:01:04]} 33. Kf1 {[%emt 0:01:02]} Nxa5 {[%emt 0:00:09]} 34. Rb5 {[%emt 0:00:16]} Nb7 {[%emt 0:00:25]} 35. a5 {[%emt 0:00:49]} c6 {[%emt 0:00:19]} 36. Rb2 {[%emt 0:02:30]} Nxa5 {[%emt 0:00:08]} 37. Ra2 {[%emt 0:00:12]} Bb4 {[%emt 0:00:31]} 38. Rb2 {[%emt 0:01:15]} c5 {[%emt 0:00:06]} 39. Rc2 {[%emt 0:00:04]} Nc6 {[%emt 0:03:15]} 40. Bd3 {[%emt 0:00:00]} Nd4 {[%emt 0:00:00]} 41. Ra2 {[%emt 0:01:11]} Kb7 {[%emt 0:00:26]} 42. Kf2 {[%emt 0:00:39]} Nb3 {[%emt 0:02:00]} 43. Rc2 {[%emt 0:01:58]} Kb6 {[%emt 0:02:21]} 44. Bf1 {[%emt 0:00:49]} Kc6 {[%emt 0:07:57]} 45. Ra2 {[%emt 0:01:30]} Na5 {[%emt 0:00:15]} 46. Rc2 {[%emt 0:00:16]} f5 {[%emt 0:00:06]} 47. Bd3 {[%emt 0:01:28]} f4 {[%emt 0:00:28]} 48. Bf1 {[%emt 0:00:21]} Kc7 {[%emt 0:00:35]} 49. Bd3 {[%emt 0:00:58]} Bd7 {[%emt 0:00:05]} 50. Ra2 {[%emt 0:00:49]} Bc3 {[%emt 0:00:49]} 51. Kf1 {[%emt 0:04:26]} Kb6 {[%emt 0:00:33]} 52. Rc2 {[%emt 0:01:42]} Bd4 {[%emt 0:00:21]} 53. Be2 {[%emt 0:01:48]} Ba4 {[%emt 0:00:28]} 54. Rc1 {[%emt 0:00:54]} Nb3 {[%emt 0:00:24]} 55. Rb1 {[%emt 0:03:25]} Ka5 {[%emt 0:00:03]} 56. Ke1 {[%emt 0:00:35]} Kb4 {[%emt 0:00:08]} 57. Bd3 {[%emt 0:02:33]} Kc3 {[%emt 0:00:25]} 58. Ke2 {[%emt 0:01:28]} Be3 {[%emt 0:00:07]} 0-1

[Event "European-ch Seniors 2018"]
[Site "Drammen"]
[Date "2018.08.04"]
[Round "1"]
[White "Baliuniene, Margarita"]
[Black "Johnsen, Sylvia"]
[Result "0-1"]
[WhiteElo "1937"]
[BlackElo "1977"]
[Annotator "NA"]
[PlyCount "94"]
[EventDate "2018.08.04"]
[EventType "swiss"]
[EventCountry "NOR"]
[SourceTitle "playchess.com"]
[Source "ChessBase"]
[SourceQuality "1"]
[TimeControl "40/5400+30:1800+30"]

1. d4 {[%emt 0:00:00]} d5 {[%emt 0:00:00]} 2. Nf3 {[%emt 0:00:00]} Nf6 {[%emt 0:00:00]} 3. c4 {[%emt 0:00:00]} e6 {[%emt 0:00:00]} 4. Nc3 {[%emt 0:00:09]} Nbd7 {[%emt 0:01:01]} 5. Bg5 {[%emt 0:02:44]} Be7 {[%emt 0:00:07]} 6. e3 {[%emt 0:00:10]} h6 {[%emt 0:00:14]} 7. Bh4 {[%emt 0:00:09]} O-O {[%emt 0:00:08]} 8. Bd3 {[%emt 0:00:31]} dxc4 {[%emt 0:00:27]} 9. Bxc4 {[%emt 0:00:09]} b6 {[%emt 0:00:11]} 10. O-O {[%emt 0:01:36]} Bb7 {[%emt 0:00:07]} 11. Rc1 {[%emt 0:03:25]} Ne4 {[%emt 0:04:12]} 12. Bxe7 {[%emt 0:00:57]} Qxe7 {[%emt 0:00:06]} 13. Nxe4 {[%emt 0:01:44]} Bxe4 {[%emt 0:00:16]} 14. Nd2 {[%emt 0:01:29]} Bb7 {[%emt 0:01:20]} 15. Bb5 {[%emt 0:03:13]} c5 {[%emt 0:05:56]} 16. Bxd7 {[%emt 0:12:03]} Qxd7 {[%emt 0:00:16]} 17. dxc5 {[%emt 0:00:22]} Rfd8 {[%emt 0:08:01]} 18. Nb3 {[%emt 0:15:24]} Qa4 {[%emt 0:07:13]} 19. Qc2 {[%emt 0:02:51]} Rac8 {[%emt 0:09:10]} 20. Rfd1 {[%emt 0:16:54]} Qg4 {[%emt 0:01:16]} 21. Rxd8+ {[%emt 0:00:39]} Rxd8 {[%emt 0:00:13]} 22. c6 {[%emt 0:00:26]} Bxc6 {[%emt 0:00:24]} 23. f3 {[%emt 0:03:41]} Bxf3 {[%emt 0:01:05]} 24. Nd4 {[%emt 0:00:40]} Bd5 {[%emt 0:05:22]} 25. Rf1 {[%emt 0:02:17]} e5 {[%emt 0:14:13]} 26. Nc6 {[%emt 0:13:11]} Bxc6 {[%emt 0:01:47]} 27. Qxc6 {[%emt 0:00:05]} Qe2 {[%emt 0:01:38]} 28. Qc7 {[%emt 0:06:00]} Qxe3+ {[%emt 0:00:43]} 29. Kh1 {[%emt 0:00:02]} Rf8 {[%emt 0:01:17]} 30. h3 {[%emt 0:01:30]} Qe2 {[%emt 0:01:35]} 31. Rc1 {[%emt 0:04:04]} Qxb2 {[%emt 0:00:57]} 32. Rc2 {[%emt 0:00:06]} Qd4 {[%emt 0:01:01]} 33. Kh2 {[%emt 0:01:51]} Qf4+ {[%emt 0:05:42]} 34. g3 {[%emt 0:00:09]} Qa4 {[%emt 0:02:10]} 35. Rf2 {[%emt 0:02:17]} e4 {[%emt 0:00:48]} 36. Qf4 {[%emt 0:00:47]} Qc4 {[%emt 0:01:09]} 37. h4 {[%emt 0:01:52]} Re8 {[%emt 0:04:43]} 38. g4 {[%emt 0:00:55]} Qd5 {[%emt 0:00:39]} 39. Kg1 {[%emt 0:02:46]} e3 {[%emt 0:00:37]} 40. Rf1 {[%emt 0:00:00]} e2 {[%emt 0:00:00]} 41. Re1 {[%emt 0:00:56]} Re4 {[%emt 0:04:04]} 42. Qf3 {[%emt 0:02:05]} Qd4+ {[%emt 0:00:46]} 43. Kh2 {[%emt 0:00:19]} Re3 {[%emt 0:06:35]} 44. Qg2 {[%emt 0:11:26]} Qf4+ {[%emt 0:03:04]} 45. Kh1 {[%emt 0:00:11]} Rf3 {[%emt 0:02:10]} 46. Qxe2 {[%emt 0:01:49]} Rh3+ {[%emt 0:00:13]} 47. Kg1 {[%emt 0:00:29]} Qg3+ {[%emt 0:00:05]} 0-1